Curso de Filosofía / (Record no. 88199)

MARC details
000 -LEADER
campo de control de longitud fija 00586nam a2200181 i 4500
001 - NÚMERO DE CONTROL
campo de control 88199
003 - IDENTIFICADOR DE NÚMERO DE CONTROL
campo de control ES-MaACL
005 - FECHA Y HORA DE LA ÚLTIMA TRANSACCIÓN
campo de control 20230906175822.0
007 - CAMPO FIJO DE DESCRIPCIÓN FÍSICA--INFORMACIÓN GENERAL
campo de control de longitud fija t|
008 - DATOS DE LONGITUD FIJA--INFORMACIÓN GENERAL
campo de control de longitud fija 050103s1947 ag ||||1| spa d
100 1# - ENTRADA PRINCIPAL--NOMBRE DE PERSONA
Nombre de persona Lahr, C.
9 (RLIN) 69657
245 10 - MENCIÓN DEL TÍTULO
Título Curso de Filosofía /
Mención de responsabilidad, etc. C. Lahr ; traducción revisada y ampliada por Ismael Quiles.
250 ## - MENCION DE EDICION
Mención de edición 26ª ed. castellana.
260 ## - PUBLICACIÓN, DISTRIBUCIÓN, ETC.
Lugar de publicación, distribución, etc. Buenos Aires :
Nombre del editor, distribuidor, etc. Angel Estrada y Cia,
Fecha de publicación, distribución, etc. [1947] (
Fabricante Talleres Gráficos Edit. Estrada)
300 ## - DESCRIPCIÓN FÍSICA
Extensión 2 v. :
Otras características físicas il. ;
Dimensiones 22 cm.
700 1# - ENTRADA AGREGADA--NOMBRE PERSONAL
Nombre de persona Quiles, Ismael.
9 (RLIN) 94622
852 ## - LOCALIZACIÓN
Ubicación ES-MaACL
Número de control de estantería F-5178-79
Sublocalización o colección R.26734
Holdings
Estatus retirado Estado de pérdida Estado de daño No para préstamo Biblioteca de origen Biblioteca actual Ubicación en estantería Fecha de adquisición Fuente de adquisición Total de préstamos Signatura topográfica completa Código de barras Visto por última vez Precio de reemplazo Tipo de ítem Koha
        Biblioteca del Ateneo de Madrid Biblioteca del Ateneo de Madrid Depósito 2 17/01/2008     F-5178-79 1092134 23/02/2023 23/02/2023 Libro impreso